Vidas mínimas

Αποθηκεύτηκε σε:
Λεπτομέρειες βιβλιογραφικής εγγραφής
Κύριος συγγραφέας: González Vera, José Santos (Συγγραφέας)
Μορφή: Βιβλίο
Γλώσσα:Ισπανικά
Έκδοση: Santiago Nascimento 1973
Έκδοση:8a. ed
Σειρά:Biblioteca popular Nascimento
Θέματα:
Ετικέτες: Προσθήκη ετικέτας
Δεν υπάρχουν, Καταχωρήστε ετικέτα πρώτοι!

MARC

LEADER 00000nam a2200000 a 4500
001 UCX1579
003 CL-VaPUC
008 901003e19730000CL |||||||||||||||||spa|d
082 0 4 |a Ch863  |b GON  |2 21 
100 |a González Vera, José Santos  |e author  |9 318013 
245 1 0 |a Vidas mínimas 
250 |a 8a. ed 
300 |a 147 p 
942 |c BK 
945 |d 19901003 00:00:00 
260 |a Santiago  |b Nascimento  |c 1973 
650 0 |a Novelas chilenas   |9 265425 
583 |a last modification  |c 19901003 00:00:00  |k Rodrigo Vera 
490 0 |a Biblioteca popular Nascimento 
999 |c 222773  |d 222771 
952 |0 0  |1 0  |4 0  |6 CH_863_000000000000000_GON_1973  |7 0  |8 A  |9 217947  |a BIBEDU  |b BIBEDU  |d 2019-11-15  |i 2868210  |o Ch863 GON 1973  |p 2868210  |r 2019-11-15  |w 2019-11-15  |y BK  |k LIT